000 00357nam a22001217a 4500
008 160512b xxu||||| |||| 00| 0 eng d
020 _a9781437705010
020 _a1437705014
041 _aeng
080 _a61
245 _aMedical clinics of north america / Preoperative medical consultation:
_cLee A. Flesher MD; Stanley H. Rosenbaum MD;
942 _2udc
_cBK
999 _c2058
_d2058